| 000 | 00461nam a2200169Ia 4500 | ||
|---|---|---|---|
| 003 | OSt | ||
| 005 | 20240122090817.0 | ||
| 008 | 230104s9999||||xx |||||||||||||| ||und|| | ||
| 020 | _a0-21-492601-0 | ||
| 040 | _cChuka University Library | ||
| 050 |
_aSBL QH 485 _bB56 1985 |
||
| 100 |
_aMetz Charles B. _93625 |
||
| 245 | 0 | _aBiology of fertilisation Volume 2:Biology of the Sperm | |
| 260 |
_aAcademic Press _bOrlando _c1985 |
||
| 300 | _ap469 | ||
| 942 |
_cBK _2lcc |
||
| 999 |
_c5546 _d5546 |
||